| 000 | 00797nam a2200217 a 4500 | ||
|---|---|---|---|
| 001 | 39139 | ||
| 003 | BD-RjUL | ||
| 005 | 20211209052927.0 | ||
| 008 | 160405b2009 bg ||||e |||| 00| 0 ben d | ||
| 020 |
_a6847000001115 _cTk. 140 |
||
| 035 | _a(BD-RjUL)39251 | ||
| 040 |
_aBD-RjUL _beng _cBD-RjUL |
||
| 041 | _aeng | ||
| 082 |
_223 _a891.443 _bPAP 2009 |
||
| 100 |
_aপরিমল, রিষিণ . _9120761 |
||
| 245 | 1 | 0 |
_aপ্রসঙ্গ মুক্তিযুদ্ধের উপন্যাস ও অন্যান্য / _cরিষিণ পরিমল . |
| 260 |
_aঢাকা : _bজাতীয় সাহিত্য প্রকাশ ; _c২০০৯. |
||
| 300 |
_a১২২ পৃ. : _c২০ সেমি. |
||
| 650 |
_aBengali Fiction _9120762 |
||
| 942 |
_2ddc _cBK |
||
| 999 |
_c39139 _d39139 |
||